دکنی نشر کا انتیخاب / (Record no. 170509)

MARC details
000 -LEADER
fixed length control field 00590nam a22001937a 4500
005 - DATE AND TIME OF LATEST TRANSACTION
control field 20191226164447.0
010 ## - LCCN (DPL NO)
LC control number A-159741
020 ## - INTERNATIONAL STANDARD BOOK NUMBER
Terms of availability 9.50
035 ## - SYSTEM CONTROL NUMBER
System control number A-159741
037 ## - SOURCE OF ACQUISITION
Source of stock number/acquisition BPPD/Pub.
082 ## - DEWEY DECIMAL CLASSIFICATION NUMBER
Classification number 840.9
100 ## - MAIN ENTRY--PERSONAL NAME
Personal name جعفر ، سیدہ
245 ## - TITLE STATEMENT
Title دکنی نشر کا انتیخاب /
Statement of responsibility, etc سیدہ جعفر
246 ## - VARYING FORM OF TITLE
Title proper/short title Deccanni Nasar ka Intekhab (Urdu) /
Remainder of title by Syeda Jaffer
260 ## - PUBLICATION, DISTRIBUTION, ETC. (IMPRINT)
Place of publication, distribution, etc New Delhi
Name of publisher, distributor, etc Taraqqi Urdu Bureau
Date of publication, distribution, etc 1983
270 ## - ADDRESS
Address West Block-8, R.K.Puram
City New Delhi
Postal code 110022
300 ## - PHYSICAL DESCRIPTION
Extent 168p.
Dimensions 20cm(Hb)
942 ## - ADDED ENTRY ELEMENTS (KOHA)
Source of classification or shelving scheme Dewey Decimal Classification
Item type Urdu Bks
Classification part 840.9
Call number suffix س ی د
Holdings
Withdrawn status Lost status Not for loan Collection code Home library Current library Date acquired Source of acquisition Cost, normal purchase price Full call number Barcode Copy number Cost, replacement price Koha item type
      Non-fiction Central Library Central Library 17/12/2019 BPPD/Ven. 9.50 840.9 س ی د A-159741 1 9.50 Urdu Bks

© Delhi Public Library
Hit Counter
free hit counter